00321nam a2200121Ia 4500008004100000041000800041082001200049100001400061245004500075260003400120300003400154365001100188240624s9999 xx 000 0 und d aeng a954 KEA aKEAY JOHN aINDIA A HISTORY FROM THE EARLIEST CIVILI c2010aNew DelhibHarper Press axxviii, : 658 : p. : cm. ; 20 cRSb25